|
|
|
|
| LEADER |
02228cas a2200241 a 4500 |
| 001 |
AALejournalIMF016294 |
| 008 |
230101c9999 xx r poo 0 0eng d |
| 020 |
|
|
|c 5.00 USD
|
| 020 |
|
|
|z 9781513531946
|
| 022 |
|
|
|a 1934-7685
|
| 040 |
|
|
|a BD-DhAAL
|c BD-DhAAL
|
| 110 |
2 |
|
|a International Monetary Fund.
|b Asia and Pacific Dept.
|
| 245 |
1 |
0 |
|a Malaysia :
|b 2020 Article IV Consultation-Press Release; Staff Report; and Statement by the Executive Director for Malaysia.
|
| 264 |
|
1 |
|a Washington, D.C. :
|b International Monetary Fund,
|c 2020.
|
| 300 |
|
|
|a 1 online resource (97 pages)
|
| 490 |
1 |
|
|a IMF Staff Country Reports
|
| 500 |
|
|
|a <strong>Off-Campus Access:</strong> No User ID or Password Required
|
| 500 |
|
|
|a <strong>On-Campus Access:</strong> No User ID or Password Required
|
| 506 |
|
|
|a Electronic access restricted to authorized BRAC University faculty, staff and students
|
| 520 |
3 |
|
|a This 2020 Article IV Consultation highlights that the Malaysian economy is stable despite domestic and external challenges. The authorities are making progress on their reform agenda including governance reforms and measures to improve the transparency and management of public finances. Policies should focus on medium-term fiscal consolidation, while safeguarding growth and financial stability. Structural reforms are needed to enshrine in law main governance measures, and to boost productivity to achieve high income status and inclusive growth. Growth has held up and inflation has remained subdued. Domestic demand is expected to be the main driver of growth over the medium term. Risks to the outlook are, on balance, to the downside. It is recommended to that medium-term fiscal consolidation plans should be underpinned by well-identified revenue and spending measures. Pushing ahead with structural fiscal reforms, including the adoption of a Fiscal Responsibility Act, as well as improvement in debt management, public procurement, and the public investment framework is important.
|
| 538 |
|
|
|a Mode of access: Internet
|
| 830 |
|
0 |
|a IMF Staff Country Reports; Country Report ;
|v No. 2020/057
|
| 856 |
4 |
0 |
|z Full text available on IMF
|u http://elibrary.imf.org/view/journals/002/2020/057/002.2020.issue-057-en.xml
|z IMF e-Library
|